000 00454nam a2200181Ia 4500
001 18775
005 20260306171655.0
008 260306s9999||||xx |||||||||||||| ||und||
041 _aESP
082 _a658.5
_bF84
100 _aFrias, Arturo
_eAUT
245 0 _a10 estrategías logísticas:
_bel valor de la logística en los negocios
260 _c2012
300 _a183 P.
_c22 cm.
650 _aGEN
654 _aCAN
942 _cLIB
_dJUS
_fJUS
_2ddc
_n
999 _c18775
_d18775